| 000 | 01201nam0a22002771 4500 | ||
|---|---|---|---|
| 001 | rc\699415 | ||
| 005 | 20250621214822.0 | ||
| 035 | _a(NLR Aleph) 005935407 | ||
| 090 |
_a6622502 _c6622502 |
||
| 100 | _a20031121d1985 |||y0rusy50 ca | ||
| 101 | 0 | _arus | |
| 102 | _aRU | ||
| 105 | _aa ||||||||| | ||
| 200 | 1 |
_aРоберт Вуд _eСоврем. чародей физ. лаб. _eИстория амер. мальчика, который стал дерзким и оригин. экспериментатором наших дней, но так и не вырос _fПеревод с англ. В.С. Вавилова _gПод ред. [и с предисл.] С.И. Вавилова |
|
| 205 | _a5-е изд., испр. | ||
| 210 |
_aМ. _cНаука _d1985 |
||
| 215 |
_a319 с. _cил. _d20 |
||
| 300 | _aПеревод изд.: Doctor Wood / By William Seabrook (New York) | ||
| 320 | _aСписок науч. публ. Р.В. Вуда: с. 306-317 (268 назв.) | ||
| 600 | 1 |
_aВуд _bР.В. _gРоберт Вильямс _2psbo |
|
| 700 | 1 |
_aСибрук _bВ. _gВильям |
|
| 801 | 0 |
_aRU _bNLR _gpsbo |
|
| 801 | 1 |
_aRU _bELAR _2rusmarc |
|
| 852 |
_aNLR _j85-3/12089 |
||
| 942 | _cBOOK | ||
| 980 | _aNB | ||